Renoir on Renoir (Record no. 80045)

MARC details
000 -LEADER
fixed length control field 00870nam a2200181 a 4500
008 - FIXED-LENGTH DATA ELEMENTS--GENERAL INFORMATION
fixed length control field 120416s0000 ||||||||||||||||| || u
020 ## - INTERNATIONAL STANDARD BOOK NUMBER
International Standard Book Number 0521385938
050 ## - LIBRARY OF CONGRESS CALL NUMBER
Classification number PN 1998.3 Ren
100 ## - MAIN ENTRY--PERSONAL NAME
Personal name Volk, Carol
245 10 - TITLE STATEMENT
Title Renoir on Renoir
246 ## -
-- interviews, essays, and remarks
260 ## - PUBLICATION, DISTRIBUTION, ETC.
Place of publication, distribution, etc. Cambridge
Name of publisher, distributor, etc. The University Press
Date of publication, distribution, etc. 1989
350 ## -
-- 0.00
700 ## - ADDED ENTRY--PERSONAL NAME
Personal name Renoir, Jean
995 ## -
-- ANNEX COLLECTION (Main Library)
-- 0.00
-- 728351
-- CBU-MAIN LIBRARY (Kitwe)
-- 3
-- 13.95
-- PN 1998.3 Ren
-- 3
-- AVAILABLE
-- 025816
-- Annex Low-Usage Collection
995 ## -
-- ANNEX COLLECTION (Main Library)
-- 0.00
-- 728350
-- CBU-MAIN LIBRARY (Kitwe)
-- 1
-- 13.95
-- PN 1998.3 Ren
-- 1
-- AVAILABLE
-- 025756
-- Annex Low-Usage Collection
995 ## -
-- ANNEX COLLECTION (Main Library)
-- 0.00
-- 728352
-- CBU-MAIN LIBRARY (Kitwe)
-- 2
-- 13.95
-- PN 1998.3 Ren
-- 2
-- AVAILABLE
-- 025817
-- Annex Low-Usage Collection
999 ## -
-- 80045
-- 80045
Holdings
Withdrawn status Lost status Source of classification or shelving scheme Damaged status Not for loan Permanent Location Current Location Shelving location Date acquired Total Checkouts Full call number Barcode Date last seen Copy number Price effective from Koha item type
          CBU-MAIN LIBRARY, KITWE. CBU-MAIN LIBRARY, KITWE.   06/29/2023   PN 1998.3 Ren 025816 06/29/2023 1 06/29/2023 MONOGRAPH
          CBU-MAIN LIBRARY, KITWE. CBU-MAIN LIBRARY, KITWE.   06/29/2023   PN 1998.3 Ren 025756 06/29/2023 2 06/29/2023 MONOGRAPH
          CBU-MAIN LIBRARY, KITWE. CBU-MAIN LIBRARY, KITWE.   06/29/2023   PN 1998.3 Ren 025817 06/29/2023 3 06/29/2023 MONOGRAPH